000 00690nam a2200265Ia 4500
005 20260121165940.0
008 008 260114s9999 xx 000 0 eng d
020 _a9789463004329
037 _aEBOOK
040 _aCRL
040 _beng
040 _cCRL
041 _2eng
041 _aeng
084 _qCRL
100 _aMaryam Azarnoosh, Mitra Zeraatpishe, Akram Faravani, Hamid Reza Kargozari
_91057972
245 0 _aIssues in Materials Development
260 _bSpringer
260 _bSpringer
260 _c2016
856 _uhttps://link.springer.com/openurl?genre=book&isbn=978-94-6300-432-9
942 _cEBOOK
999 _c1623701
_d1623701